000 01309nam a2200337Ia 4500
005 20211105120611.0
008 130821s2010 at ad fr 1 spa d
020 _a9789706868374 Volumen 1 (7a edición)
020 _a9789706868220 Volumen 2 (7a edición)
020 _a9789706864253 (6a.Ed.)
020 _a9789701035818 (5a.Ed.)
040 _aCO-BoUCM
_bspa
_cSaul Niño (Modificó)
_d[Nuevo]
041 1 _aspa
100 1 _aSerway, Raymond A.
_953357
245 1 0 _aFísica
_bpara ciencias e ingeniería
_cRaymond A. Serway, John W. Jewett ; traducción: Víctor campos Olguín
246 1 3 _aFísica para ciencias e ingenierías
250 _a7a ed
260 _aSídney (Australia)
_bCengage Learning
_c2010
300 _a2 volúmenes
_bilustraciones, gráficas
500 _aIncluye índices
505 _gV.1
_tFísica para ciencias e ingeniería
505 _rIncluye índices
_gV.2
_tFísica para ciencias e ingeniería con física moderna
650 7 _aFísica
_915907
650 0 7 _aFísica
_xEnseñanza
_941286
690 _aIngeniería
_917607
700 1 _aJewett, John W.
_967968
700 1 _aCampos Olguín, Víctor
_etraductor
_928873
765 1 _tPhysics for scientists and engineers
942 _cLIBRO
_a25
_h530
_mS492fi
_e7
_2DEWEY
_n0
999 _c64421
_d64421